[Event "Oberbayern-ch"]
[Site "Gmund am Tegernsee"]
[Date "1993.??.??"]
[Round "3"]
[White "Huber, Edwin"]
[Black "Schmelmer, Hans"]
[Result "1-0"]
[WhiteElo "2065"]
[BlackElo "2045"]
[PlyCount "48"]
[EventDate "1993.??.??"]
[EventType "swiss"]
[EventRounds "7"]
[EventCountry "GER"]
[SourceTitle "EXT 2004"]
[Source "ChessBase"]
[SourceDate "2003.11.25"]
[SourceVersion "1"]
[SourceVersionDate "2003.11.25"]
[SourceQuality "1"]

1. d4 d5 2. e4 dxe4 3. Nc3 Nf6 4. f3 exf3 5. Nxf3 Bg4 6. h3 Bxf3 7. Qxf3 c6 8. Be3 e6 9. 0-0-0 Be7 10. Bd3 Nd5 11. Nxd5 Qxd5 12. Qg3 g6 13. Kb1 Na6 14. a3 Qa5 15. Rhf1 f5 16. d5 cxd5 17. Qe5 Kd7 18. g4 fxg4 19. Rf7 Raf8 20. Rg7 Rhg8 21. Rxh7 Nc7 22. b4 Qxa3 23. Rxe7+ Kxe7 24. Qxc7+ Kf6 1-0

[Event "Oberbayern-ch"]
[Site "Gmund am Tegernsee"]
[Date "1993.??.??"]
[Round "6"]
[White "Schmelmer, Hans"]
[Black "Zeindlmeier, Thomas"]
[Result "1/2-1/2"]
[WhiteElo "2045"]
[BlackElo "1925"]
[PlyCount "44"]
[EventDate "1993.??.??"]
[EventType "swiss"]
[EventRounds "7"]
[EventCountry "GER"]
[SourceTitle "EXT 2004"]
[Source "ChessBase"]
[SourceDate "2003.11.25"]
[SourceVersion "1"]
[SourceVersionDate "2003.11.25"]
[SourceQuality "1"]

1. e4 c5 2. Nf3 Nc6 3. d4 cxd4 4. Nxd4 Nf6 5. Nc3 e5 6. Ndb5 d6 7. Bg5 a6 8. Na3 b5 9. Nd5 Be7 10. Bxf6 Bxf6 11. c3 0-0 12. Be2 Bg5 13. 0-0 Be6 14. Nc2 f5 15. a4 bxa4 16. exf5 Bxf5 17. Rxa4 a5 18. Nce3 Bxe3 19. Nxe3 Be6 20. Bf3 Rc8 21. Bd5 Qd7 22. Nc4 Rb8 1/2-1/2